000 00455nam a2200157Ia 4500
008 210716s1999 xx 000 0 und d
020 _a74639625
041 _aeng
082 _a004.21 WHIJ
100 _aWhitten, Jeffrey; Bently, Lonnie D.
245 _aSystems analysis and design methods.
250 _a4
260 _aNew Delhi
_bTata McGraw Hill Publishing Company Ltd
_c1999
300 _axxii,724
650 _aSystem s Analysis & Design(004.21)
999 _c183456
_d183456